| 000 | 00584cam a2200205Ja 4500 | ||
|---|---|---|---|
| 020 | _a0070669538 | ||
| 020 | _a9780070669536 | ||
| 020 | _a0075571900 | ||
| 020 | _a9780075571902 | ||
| 040 | _cDLC | ||
| 082 | _a301 MCG 1989 A064 Or. | ||
| 100 | 1 | _aVander Zanden, James Wilfrid. | |
| 245 | 1 | 4 |
_aThe social experience : _ban introduction to sociology / |
| 250 | _a2nd ed. | ||
| 260 |
_aNew York : _bMcGraw-Hill, _cc1989. |
||
| 300 |
_axxii, 663 p., [45] p. : _bill. (some col.), col. maps, ports. ; _c27 cm. |
||
| 500 | _aIncludes index. | ||
| 650 | 0 | _aSociology. | |
| 942 | _cEK | ||
| 999 |
_c13876 _d13876 |
||